000 00562nam a2200145Ia 4500
008 100122s9999 xx 000 0 und d
082 _b38152
_a823.08
100 _aकोलारकर राम
245 _aसर्वोत्कृष्ट मराठी कथा खंड 16
260 _bछाया कोलारकर
_c1905
300 _a224
630 _aसर्वोत्कृष्ट मराठी कथा खंड 16
730 _aसर्वोत्कृष्ट मराठी कथा खंड 16
942 _cBOOK
999 _c420396
_d420393